000 00498nam a2200193Ia 4500
003 GCL
008 140319s9999 xx 000 0 aFre d
020 _a382280519X
040 _aGCL /
_cGCL
082 0 4 _a759
_bP F
100 1 _aPARTSCH, SUSANNA
245 1 0 _aFRANZ MARC 1880 - 1916 /
_cPARTSCH, SUSANNA
260 _aالمانيا :
_bTASCHEN ،
_c1991
300 _a96 P
_bILL. ؛
_c28 cm.
650 0 4 _aARTS
650 0 4 _aPAINTING
650 0 4 _aMARC, FRANZ 1880 - 1916
942 _2ddc
_cBK
999 _c7418
_d7418